书目信息 |
| 题名: |
象棋残局胜和定式
|
|
| 作者: | 金启昌 编著 | |
| 分册: | ||
| 出版信息: | 北京 北京体育大学出版社 1999.07 |
|
| 页数: | 240页 | |
| 开本: | 32开 | |
| 丛书名: | ||
| 单 册: | ||
| 中图分类: | G891.2 | |
| 科图分类: | ||
| 主题词: | 文娱性体育活动 | |
| 电子资源: | ||
| ISBN: | 7-81051-362-1 | |
| 000 | 00577nam0 2200193 45 | |
| 001 | 0007210983 | |
| 005 | 20000721094228.6 | |
| 010 | @a7-81051-362-1@d11.70元 | |
| 100 | @a20000721d1999 km y0chiy0120 ea | |
| 101 | 0 | @achi |
| 105 | @a z 000yy | |
| 200 | 1 | @a象棋残局胜和定式@AXiang Qi Can Ju Sheng He Ding Shi@f金启昌等编著@FJin Qi Chang Deng Bian Zhu |
| 210 | @a北京@c北京体育大学出版社@d1999.07 | |
| 215 | @a240页@d32开 | |
| 606 | 0 | @a文娱性体育活动 |
| 690 | @aG891.2@v3 | |
| 701 | 0 | @a金启昌@4编著 |
| 801 | @aCN@bPftUser@c20000721 | |
| 905 | @b73079-081@dG891.2@eJ120/1@f3 | |
| 象棋残局胜和定式/金启昌等编著.-北京:北京体育大学出版社,1999.07 |
| 240页;32开 |
| ISBN 7-81051-362-1:11.70元 |
| ● |
| 相关链接 |
|
|
|
正题名:象棋残局胜和定式
索取号:G891.2/J120/1
 
预约/预借
| 序号 | 登录号 | 条形码 | 馆藏地/架位号 | 状态 | 备注 |
| 1 | 348221 | 203482212 | 社科库409/409社科库 28排1列1层/ [索取号:G891.2/J120/1] | 在馆 | |
| 2 | 348222 | 203482221 | 社科库409/409社科库 28排1列1层/ [索取号:G891.2/J120/1] | 在馆 | |
| 3 | 73079 | 200730799 | 社科库409/409社科库 28排1列1层/ [索取号:G891.2/J120/1] | 在馆 | |
| 4 | 73080 | 200730806 | 社科库409/409社科库 28排1列1层/ [索取号:G891.2/J120/1] | 在馆 | |
| 5 | 73081 | 200730815 | 社科库409/409社科库 28排1列1层/ [索取号:G891.2/J120/1] | 在馆 |